[Event "Moscow op-B (Women)"]
[Site "Moscow"]
[Date "2016.02.05"]
[Round "7"]
[White "Sviridova, Olga Borisovna"]
[Black "Tanygina, Yulia"]
[Result "0-1"]
[WhiteElo "1995"]
[BlackElo "1665"]
[PlyCount "72"]
[EventDate "2016.01.30"]
[EventType "swiss"]
[EventRounds "9"]
[EventCountry "RUS"]
[SourceTitle "CBM 170 Extra"]
[Source "ChessBase"]
[SourceDate "2016.02.25"]
[SourceVersion "1"]
[SourceVersionDate "2016.02.25"]
[SourceQuality "1"]

1. e4 e6 2. d4 d5 3. e5 c5 4. c3 Nc6 5. Nf3 Qb6 6. a3 Nge7 7. dxc5 Qxc5 8. Be3 Qa5 9. b4 Qc7 10. Bf4 Ng6 11. Bg3 Ngxe5 12. Nxe5 Nxe5 13. Bb5+ Bd7 14. Bxd7+ Kxd7 15. c4 Qxc4 16. Bxe5 Qe4+ 17. Qe2 Qxg2 18. Rf1 Rc8 19. Nd2 Bd6 20. Qb5+ Rc6 21. Qxb7+ Rc7 22. Qb5+ Rc6 23. Bxd6 Kxd6 24. Qd3 Qxh2 25. Qg3+ Qxg3 26. fxg3 f6 27. Ke2 Rhc8 28. Ra2 Rc3 29. Rf3 e5 30. Rxc3 Rxc3 31. Nf1 d4 32. a4 e4 33. b5 f5 34. Kf2 Kc5 35. Kg2 Kb4 36. Nd2 d3 0-1